Feasibility of consolidating the schools of Mount Joy Township, Adams County, Pa. / (Record no. 20405)

MARC details
000 -LEADER
fixed length control field 01438cam a22003131a 4500
001 - CONTROL NUMBER
control field e 20000576
003 - CONTROL NUMBER IDENTIFIER
control field DLC
005 - DATE AND TIME OF LATEST TRANSACTION
control field 20260227111211.0
007 - PHYSICAL DESCRIPTION FIXED FIELD--GENERAL INFORMATION
fixed length control field cr_|||||||||||
008 - FIXED-LENGTH DATA ELEMENTS--GENERAL INFORMATION
fixed length control field 860419s1920 dcua f000 0 eng c
010 ## - LIBRARY OF CONGRESS CONTROL NUMBER
LC control number e 20000576
035 ## - SYSTEM CONTROL NUMBER
System control number (OCoLC)13458457
040 ## - CATALOGING SOURCE
Original cataloging agency U.S. Off. of Educ. Library
Transcribing agency ABAU
Modifying agency ABAU
-- DLC
042 ## - AUTHENTICATION CODE
Authentication code premarc
050 00 - LIBRARY OF CONGRESS CALL NUMBER
Classification number L111
Item number .A6 1920, no. 9
051 ## - LIBRARY OF CONGRESS COPY, ISSUE, OFFPRINT STATEMENT
Classification number LB2861
Item number .C6
100 1# - MAIN ENTRY--PERSONAL NAME
Personal name Cook, Katherine Margaret (O'Brien)
Titles and words associated with a name Mrs.
245 10 - TITLE STATEMENT
Title Feasibility of consolidating the schools of Mount Joy Township, Adams County, Pa. /
Statement of responsibility, etc. by Katherine M. Cook and W.S. Deffenbaugh.
260 ## - PUBLICATION, DISTRIBUTION, ETC.
Place of publication, distribution, etc. Washington :
Name of publisher, distributor, etc. G.P.O.,
Date of publication, distribution, etc. 1920.
300 ## - PHYSICAL DESCRIPTION
Extent 28 p. :
Other physical details ill., map ;
Dimensions 23 cm.
490 1# - SERIES STATEMENT
Series statement Bulletin / Department of the Interior, Bureau of Education ;
Volume/sequential designation 1920, no. 9
501 ## - WITH NOTE
With note Copy 1 of L111.A6 with: Problem of mathematics in secondary education / Commission on the Reorganization of Secondary Education. Washington : Govt. Print. Off., 1920. Bound together subsequent to publication.
Institution to which field applies DLC
530 ## - ADDITIONAL PHYSICAL FORM AVAILABLE NOTE
Additional physical form available note Also available in digital form on the Internet Archive Web site.
650 #0 - SUBJECT ADDED ENTRY--TOPICAL TERM
Topical term or geographic name entry element Rural schools
Geographic subdivision Pennsylvania
-- Adams County.
650 #0 - SUBJECT ADDED ENTRY--TOPICAL TERM
Topical term or geographic name entry element Schools
General subdivision Centralization
Geographic subdivision Pennsylvania
-- Adams County.
700 1# - ADDED ENTRY--PERSONAL NAME
Personal name Deffenbaugh, W. S.
Fuller form of name (Walter Sylvanus),
Dates associated with a name 1872-
830 #0 - SERIES ADDED ENTRY--UNIFORM TITLE
Uniform title Bulletin (United States. Bureau of Education) ;
Volume/sequential designation 1920, no. 9
856 41 - ELECTRONIC LOCATION AND ACCESS
Uniform Resource Identifier <a href="http://hdl.loc.gov/loc.gdc/scd0001.00214905541">http://hdl.loc.gov/loc.gdc/scd0001.00214905541</a>

No items available.

Powered by Koha